| 000 | 00936nas a2200289 4500 | ||
|---|---|---|---|
| 001 | BR0704429 | ||
| 003 | BR-BrBNA | ||
| 005 | 20231205111233.0 | ||
| 007 | ta | ||
| 008 | 230509b bl.|||p| |||| 00| 00por d | ||
| 040 |
_aBR-BrBNA _bpor _cBiblioteca Nacional de Agricultura |
||
| 041 | _a(Pt) | ||
| 072 | _aH10 | ||
| 100 | 1 | _aOhashi, O.S. | |
| 100 | 1 | _aFigueiró, C.L.M. | |
| 100 | 1 | _aSilva, A.W. da | |
| 245 | 1 | _aInteração do parasitóide Dinarmus basalis (R.)(Hymenoptera: Pteromalidae)e o caruncho do caupi Callosobruchus maculatus (F.)(Coleoptera: Bruchidae) | |
| 650 | _aFEIJÃO CAUPI | ||
| 650 | _aCARUNCHO | ||
| 650 | _aPREDADOR | ||
| 650 | _aHOSPEDEIRO | ||
| 650 | _aCONTROLE INTEGRADO | ||
| 650 | _aCOLEOPTERO | ||
| 773 | 0 |
_tAnais da Sociedade Entomológica do Brasil (Brazil) _xISSN 0301-8059 _g(Dec 1996), v. 25(3) p. 457-461 _wBR0704429 |
|
| 909 |
_a202311 _bLúcia _c55 _dLúcia Elande |
||
| 942 |
_2AGRIS _n0 _cANA |
||
| 999 |
_c191540 _d191540 |
||